000 00563nam a22001697a 4500
008 160427b xxu||||| |||| 00| 0 eng d
020 _a1 872502 17 2
050 _aBV4460.7.M926
100 _aMouli, Chandra V.
_924162
245 _aAll Against AIDS
_b: the copperbelt health education project, Zambia
_c/ Chandra V. Mouli
260 _aLondon
_bActionAid
_c1992
300 _avi,53p.;
_c21cm.
440 _aStrategies for hope
_n7
_924163
650 _aChurch work with AIDS patients
_96346
650 _aAIDS (Disease)
_zZambia
_924164
942 _2lcc
_cMONOGRAPH
999 _c124732
_d124732